Welcome to CU Library Online Public Access Catalogue (OPAC)

A Textbook of economic analysis (Record no. 5880)

MARC details
000 -LEADER
fixed length control field 00313nam a22001337a 4500
005 - DATE AND TIME OF LATEST TRANSACTION
control field 20250521103012.0
008 - FIXED-LENGTH DATA ELEMENTS--GENERAL INFORMATION
fixed length control field 250521b |||||||| |||| 00| 0 eng d
050 ## - LIBRARY OF CONGRESS CALL NUMBER
Classification number HB171
Item number AGA
100 ## - MAIN ENTRY--PERSONAL NAME
Personal name Agarwal, H. S.
245 ## - TITLE STATEMENT
Title A Textbook of economic analysis
250 ## - EDITION STATEMENT
Edition statement 8th
300 ## - PHYSICAL DESCRIPTION
Extent xx, 973p
942 ## - ADDED ENTRY ELEMENTS (KOHA)
Source of classification or shelving scheme Library of Congress Classification
Koha item type Books
Suppress in OPAC No
999 ## -
-- 5880
-- 5880
Holdings
Withdrawn status Lost status Source of classification or shelving scheme Damaged status Not for loan Collection Home library Current library Shelving location Date acquired Total checkouts Full call number Barcode Date last seen Copy number Price effective from Koha item type
    Library of Congress Classification     Non-fiction Undergraduate Library (Christ Temple) Undergraduate Library (Christ Temple) General stacks 05/21/2025   HB171.5 AGA ulct00002530 05/21/2025 1 05/21/2025 Books
    Library of Congress Classification     Non-fiction Undergraduate Library (Christ Temple) Undergraduate Library (Christ Temple) General stacks 05/21/2025   HB171.5 AGA ulct00002531 05/21/2025 1 05/21/2025 Books
© 2023-2024 Copyright: Central University Libraries. All Rights Reserved | Created by: Mahone Tech Office